Otras miradas sobre la Edad Media : los estudios queer /

Guardado en:
Otros Autores: Rodríguez, Gerardo, Foster, David, Cattedra, Olivia, Estrella, María
Formato: Libro
Idioma:Spanish
Publicado: Mar del Plata ; Bahía Blanca : GIEM : GEM, 2011.
Series:Cuadernos Medievales. Cuadernos de Cátedra ; 12
Materias:
Etiquetas: Agregar Etiqueta
Sin Etiquetas, Sea el primero en etiquetar este registro!
LEADER 01429nam a22002535a 4500
001 EHU.bham042221
008 130507s2011####ag############000#0#spa#d
005 20210829145407.0
245 1 6 |a Otras miradas sobre la Edad Media :  |b los estudios queer /  |c Gerardo Rodríguez … [et al.] ; Grupo de Investigaciones y Estudios Medievales (GIEM), Grupo de Estudios Medievales (GEM). 
260 |a Mar del Plata ;  |a Bahía Blanca :  |b GIEM :  |b GEM,  |c 2011. 
300 |a 101 p. 
490 1 |a Cuadernos Medievales. Cuadernos de Cátedra ;  |v 12 
500 |a Otras miradas sobre la Edad Media: los estudios queer (y otras propuestas) / Gerardo Rodríguez -- Cinco propuestas sobre la homofobia / David Foster -- El erotismo tántrico / Olivia Cattedra -- ¿Qué desean las mujeres?: una lectura del relato de la comadre de Bath en los Cuentos de Canterbury de Geoffrey Chaucer / María Estrella -- El epistolario de Séneca y Pablo de Tarso ¿apócrifo o verídico? Estado de la cuestión / Sergio Esteve Gutiérrez -- Las Sentencias de Pedro Lombardo / Claudio Calabrese. 
020 |a 9789875441712 
700 1 |a Rodríguez, Gerardo 
700 1 |a Foster, David 
700 1 |a Cattedra, Olivia 
700 1 |a Estrella, María 
082 9 4 |a 940.1 
653 |a Cristianismo 
653 |a Historia medieval 
653 |a Estudios Queer 
653 |a Género-identidad de 
859 |a AR-BHAM  |b BIB. HUMANIDADES - General  |h 940.1  |i G931-2  |p 116.13  |t Ej.1  |v XII  |3 XII